01239cam a22003255i 4500001001000000003000900010005001700019008004100036020001500077020001800092040004300110082001700153100004600170245016800216250002000384264006100404300004000465336002600505337002800531338002700559500002900586500002000615650002800635653003300663655001700696700005400713942001200767999001700779952011700796011937914EG-ScBUE20250702092621.0951016s1995 enka f 001 0 eng d a0174481918 a9780174481911 aEG-ScBUEbengerdacEG-ScBUEdEG-ScBUE04a540222bHIL1 aHill, G. C.q(Graham C.),d1942-eauthor.10aChemistry in context /cGraham C. Hill, M.A. (Cantab), FRSA, Dr. Challoner's Grammar School, Amersham, John S. Holman, M.A. (Cantab), FRSC, Watford Grammar School. aFourth edition. 1aWalton-on-Thames :bThomas Nelson and Sons, Ltd.,c1995. a614 pages :billustrations ;c28 cm 2rdacontentatextbtxt aunmediated2rdamediabn avolumebnc2rdacarrier aPrevious edition : 1989. aIncludes index. 7aChemistry.2BUEsh943281 aChemistrybENGCHEcMarch2018 vReading book1 aHolman, John S.q(John Stranger),d1946-eauthor. 2ddccBB c26317d26289 00102ddc40708BaccahaMAINbMAINc1STd2018-03-15l0o540 HILp000047422r2025-07-15 00:00:00w2018-03-15yBB